| 000 | 00359nam a2200133Ia 4500 | ||
|---|---|---|---|
| 008 | 230917s9999||||xx |||||||||||||| ||und|| | ||
| 040 |
_e92425 _aMAIN |
||
| 041 | _aEnglish | ||
| 082 | _a615.842 N164R | ||
| 100 | _aNarang, Subhash | ||
| 245 | 0 | _aRole of computerised tomography in evaluation of patients with partial-seizures | |
| 300 | _a83 p. | ||
| 942 | _cTH | ||
| 999 |
_c74551 _d74551 |
||